[Event "Stay Safe Play From Home 204"]
[Site "T#646591Emanuel Laske"]
[Date "2020.06.05"]
[Round "2"]
[White "Justwatch"]
[Black "Edmatuag"]
[Result "0-1"]
[WhiteElo "1243"]
[BlackElo "1742"]
[Annotator "NA RC"]
[PlyCount "84"]
[EventDate "2020.06.05"]
[EventType "swiss (blitz)"]

1. e4 {[%emt 0:00:04]} e5 {[%emt 0:00:02]} 2. Bc4 {[%emt 0:00:02]} Nf6 {[%emt 0:00:02]} 3. Nc3 {[%emt 0:00:04]} Bb4 {[%emt 0:00:06]} 4. Nge2 {[%emt 0:00:03]} d6 {[%emt 0:00:02]} 5. d3 {[%emt 0:00:03]} O-O {[%emt 0:00:02]} 6. Bg5 {[%emt 0:00:02]} h6 {[%emt 0:00:07]} 7. Bh4 {[%emt 0:00:02]} Be6 {[%emt 0:00:07]} 8. Bb3 {[%emt 0:00:05]} Nbd7 {[%emt 0:00:05]} 9. O-O {[%emt 0:00:03]} c6 {[%emt 0:00:02]} 10. f4 {[%emt 0:00:02]} Qb6+ {[%emt 0:00:09]} 11. Kh1 {[%emt 0:00:03]} Ng4 {[%emt 0:00:07]} 12. f5 {[%emt 0:00:03]} Bxb3 {[%emt 0:00:05]} 13. axb3 {[%emt 0:00:02]} Ne3 {[%emt 0:00:03]} 14. Qe1 {[%emt 0:00:05]} Nxf1 {[%emt 0:00:02]} 15. Qxf1 {[%emt 0:00:00]} Qe3 {[%emt 0:00:28]} 16. f6 {[%emt 0:00:43]} g5 {[%emt 0:00:34]} 17. Bf2 {[%emt 0:00:05]} Qd2 {[%emt 0:00:05]} 18. Be1 {[%emt 0:00:03]} Qxc2 {[%emt 0:00:03]} 19. Qf3 {[%emt 0:00:06]} Kh7 {[%emt 0:00:20]} 20. Rb1 {[%emt 0:00:07]} Bxc3 {[%emt 0:00:14]} 21. Nxc3 {[%emt 0:00:03]} Nc5 {[%emt 0:00:07]} 22. h4 {[%emt 0:00:05]} Qxd3 {[%emt 0:00:06]} 23. Qh5 {[%emt 0:00:05]} Nxe4 {[%emt 0:00:10]} 24. hxg5 {[%emt 0:00:04]} Nxg5 {[%emt 0:00:09]} 25. Bh4 {[%emt 0:00:03]} Qg6 {[%emt 0:00:03]} 26. Qg4 {[%emt 0:00:04]} d5 {[%emt 0:00:04]} 27. Rf1 {[%emt 0:00:02]} Ne4 {[%emt 0:00:08]} 28. Qxg6+ {[%emt 0:00:06]} Kxg6 {[%emt 0:00:03]} 29. Nxe4 {[%emt 0:00:00]} dxe4 {[%emt 0:00:01]} 30. Re1 {[%emt 0:00:02]} Rfe8 {[%emt 0:00:02]} 31. Rxe4 {[%emt 0:00:02]} Rad8 {[%emt 0:00:01]} 32. Rg4+ {[%emt 0:00:01]} Kh5 {[%emt 0:00:02]} 33. Rg7 {[%emt 0:00:01]} Kxh4 {[%emt 0:00:02]} 34. Rxf7 {[%emt 0:00:00]} Rf8 {[%emt 0:00:01]} 35. Rxb7 {[%emt 0:00:01]} Rxf6 {[%emt 0:00:01]} 36. Kh2 {[%emt 0:00:01]} Rd2 {[%emt 0:00:02]} 37. Rg7 {[%emt 0:00:00]} Kh5 {[%emt 0:00:02]} 38. Rg3 {[%emt 0:00:01]} Rg6 {[%emt 0:00:01]} 39. Rh3+ {[%emt 0:00:01]} Kg5 {[%emt 0:00:01]} 40. Rg3+ {[%emt 0:00:01]} Kf6 {[%emt 0:00:01]} 41. Rxg6+ {[%emt 0:00:01]} Kxg6 {[%emt 0:00:01]} 42. Kg3 {[%emt 0:00:00]} Rxb2 {[%emt 0:00:01] Justwatch terk eder (Lag: Av=0.45s, max=0.8s)} 0-1

[Event "Stay Safe Play From Home 204"]
[Site "T#646591Emanuel Laske"]
[Date "2020.06.05"]
[Round "3"]
[White "lazieri3"]
[Black "Tunca"]
[Result "1-0"]
[WhiteElo "2040"]
[BlackElo "1752"]
[Annotator "TA"]
[PlyCount "27"]
[EventDate "2020.06.05"]
[EventType "swiss (blitz)"]

{[%evp 9,27,-20,-19,-47,-46,-95,-58,-61,0,-54,-56,-97,-18,-71,-72,-79,-26,-20,1608,785]} 1. e4 Nf6 2. Nc3 e6 3. Nf3 Bb4 4. d3 d5 5. exd5 exd5 {[#]} 6. d4 $146 {B02: Alekhine's Defence: Chase Variation and lines with early Nc3.} ({Predecessor:} 6. Ne5 O-O 7. Be2 d4 8. Bd2 dxc3 9. Bxc3 Bxc3+ 10. bxc3 Re8 11. d4 Bf5 12. Bc4 {0-1 (22) Voinea,I (1001)-Tabacaru,G (1408) Calimanesti Caciulata 2019}) 6... O-O 7. Be3 Re8 8. Bd3 {Black is slightly better.} Ng4 ({Better is} 8... c5 $15) 9. Qd2 (9. O-O $11) 9... c5 $15 10. O-O Nc6 (10... Nxe3 $17 11. fxe3 c4) 11. Rfe1 (11. dxc5 $11 Nxe3 12. fxe3) 11... Nxe3 $17 12. fxe3 cxd4 (12... c4 $17 13. Be2 Bf5) 13. exd4 $11 Qb6 $2 {[%mdl 8192] [#]} (13... Be6 $11) 14. Rxe8+ {Accuracy: White = 33%, Black = 32%.} 1-0

[Event "Stay Safe Play From Home 204"]
[Site "T#646591Emanuel Laske"]
[Date "2020.06.05"]
[Round "3"]
[White "Haris kollari 13"]
[Black "Chase the sun"]
[Result "1-0"]
[WhiteElo "1997"]
[BlackElo "1902"]
[Annotator "NA RC"]
[PlyCount "39"]
[EventDate "2020.06.05"]
[EventType "swiss (blitz)"]

1. e4 {[%emt 0:00:01]} e6 {[%emt 0:00:01]} 2. d4 {[%emt 0:00:04]} d5 {[%emt 0:00:01]} 3. e5 {[%emt 0:00:01]} c5 {[%emt 0:00:02]} 4. c3 {[%emt 0:00:01]} Nc6 {[%emt 0:00:01]} 5. Be3 {[%emt 0:00:01]} Qb6 {[%emt 0:00:01]} 6. Qd2 {[%emt 0:00:03]} Nh6 {[%emt 0:00:01]} 7. f4 {[%emt 0:00:08]} Nf5 {[%emt 0:00:03]} 8. dxc5 {[%emt 0:00:08]} Bxc5 {[%emt 0:00:03]} 9. Bxc5 {[%emt 0:00:01]} Qxc5 {[%emt 0:00:00]} 10. Nf3 {[%emt 0:00:02]} Qe3+ {[%emt 0:00:11]} 11. Be2 {[%emt 0:00:05]} d4 {[%emt 0:00:09]} 12. cxd4 {[%emt 0:00:05]} Nfxd4 {[%emt 0:00:04]} 13. Qxe3 {[%emt 0:00:02]} Nc2+ {[%emt 0:00:02]} 14. Kf2 {[%emt 0:00:01]} Nxe3 {[%emt 0:00:00]} 15. Kxe3 {[%emt 0:00:01]} Bd7 {[%emt 0:00:01]} 16. Nc3 {[%emt 0:00:01]} O-O-O {[%emt 0:00:01]} 17. Rad1 {[%emt 0:00:01]} Nb4 {[%emt 0:00:03]} 18. a3 {[%emt 0:00:05]} Nd5+ {[%emt 0:00:03]} 19. Nxd5 {[%emt 0:00:02]} exd5 {[%emt 0:00:00] Chase the sun gibt auf} 20. Rxd5 {[%emt 0:00:03] (Lag: Av=0.40s, max=0.6s)} 1-0

[Event "Stay Safe Play From Home 204"]
[Site "T#646591Emanuel Laske"]
[Date "2020.06.05"]
[Round "3"]
[White "Bellbox"]
[Black "Tobo Rubirosa"]
[Result "1/2-1/2"]
[WhiteElo "1931"]
[BlackElo "1653"]
[Annotator "TA"]
[PlyCount "161"]
[EventDate "2020.06.05"]
[EventType "swiss (blitz)"]

{[%evp 22,161,11,0,0,0,7,0,41,-14,-14,-14,-10,-72,-10,-13,0,-83,-78,-56,-46,-50,-52,-176,-75,-78,-33,-41,-33,-41,-28,-33,0,-17,-8,-15,-27,-93,-81,-115,-46,-142,-24,-33,-12,-60,-51,-60,-55,-34,0,0,0,0,0,0,0,-18,0,-16,51,0,38,6,15,-383,1316,1222,1231,721,745,281,236,31,660,393,382,343,268,0,0,0,0,-133,-118,-224,-223,-224,-206,-202,-148,-147,-159,-143,-136,-270,-263,-260,-108,-525,-516,-825,-792,-1034,-1019,-927,-937,-1816,-1691,-1360,-856,-809,-763,-4137,-4137,-12850,-9472,-6103,-530,-450,-8,-17,-17,-132,-8,-8,0,0,0,0,8,0,8,0,0,0,0,0,8,0,8,8]} 1. e4 c5 2. c3 d5 3. exd5 Qxd5 4. d4 Nc6 5. Nf3 Nf6 6. Be3 cxd4 7. cxd4 e6 8. Nc3 Qd8 9. Bc4 Be7 10. O-O O-O 11. a3 b6 12. Rc1 Bb7 {E57: Nimzo-Indian: Rubinstein: Main Line: 7...Nc6 8 a3 dxc4 9 Bxc4 cxd4.} 13. Ba2 Rc8 14. Qd3 {[#]} Nd5 $146 ({Predecessor:} 14... h6 15. Rfd1 Bd6 16. d5 exd5 17. Nxd5 Nxd5 18. Bxd5 Bb8 19. Bxh6 Bxh2+ 20. Nxh2 {1-0 (19) Wadsack,W (2163)-Fugger,C (1919) Hoersching 2016}) 15. Bb1 (15. Nxd5 $14 exd5 16. Rfe1) 15... g6 $11 16. Bh6 Re8 17. Ba2 (17. Ne4 $11) 17... Bf8 (17... Nxc3 $17 18. Rxc3 Bf6) 18. Bg5 Be7 19. Ne4 (19. Bh6 $11) 19... Bxg5 $1 $17 20. Nfxg5 h6 21. Nf3 Kg7 22. b4 {[#]} (22. Qd2 $15) 22... Nf6 (22... Ncxb4 $1 $19 {[%mdl 512] has better winning chances.} 23. axb4 Rxc1 24. Rxc1 Nxb4 {[%mdl 64] Double Attack}) 23. Ng3 Ne7 24. Ne5 Ned5 25. Qd2 Rxc1 26. Rxc1 Qa8 27. h4 Rc8 28. Rxc8 Qxc8 29. h5 (29. Bxd5 $11 Nxd5 30. Ng4) 29... g5 ({Much worse is} 29... gxh5 $6 30. Bxd5 Bxd5 31. Qf4 $11) 30. Ne2 Ne4 (30... Nxh5 $17 31. Bxd5 Bxd5) 31. Qd3 (31. Qe1 $15) 31... Nec3 (31... Nf4 $1 $17 {[%cal Rf4d3]} 32. Nxf4 Qc1+ {[%mdl 64] Double Attack} 33. Qf1 Qxf4) 32. Bxd5 $11 Nxd5 33. Nxf7 Kxf7 34. Qh7+ Ke8 35. Qxh6 Qc6 36. f3 Ne7 37. Qxg5 Qd5 $36 {[%mdl 2048] White is under pressure.} 38. Qg4 Qf5 39. Qh4 Qb1+ 40. Kh2 Nf5 (40... Qh7 $11) 41. Qf6 (41. Qf4 $14 Kd7 42. h6) 41... Kd7 42. Nf4 Qe1 $1 {[%cal Re1g3]} 43. d5 $2 {[%mdl 8192]} (43. Qe5 $11 Qxe5 44. dxe5) 43... Qh4+ $4 {[%mdl 8192]} (43... Qg3+ $19 44. Kg1 Qxf4 45. Qxe6+ Kd8 46. Qf6+ Kc7 47. d6+ Kc6) 44. Qxh4 $18 Nxh4 45. dxe6+ Ke7 46. Kg3 $2 (46. h6 {aiming for h7.} Kf6 47. b5) 46... Nf5+ {[#]} 47. Kg4 $2 (47. Kf2 $1 $18) 47... Nd4 $2 {[%mdl 8192]} (47... Kf6 $14) 48. h6 Kf6 49. e7 Bc6 {intending ...Bd7+.} 50. Kh5 $2 (50. Nd5+ $18 Kg6 51. Kf4) 50... Be8+ $11 51. Kg4 Bd7+ 52. Kh4 (52. Kh5 $1 $11 {remains equal.} Be8+ 53. Kg4 Bd7+ 54. Kh5 Be8+) 52... Nf5+ $17 {[%mdl 64] Double Attack} 53. Kh5 (53. Kh3 $17 Nxh6+ {[%mdl 64] Discovered Attack} 54. g4) 53... Be8+ $19 54. Kg4 Nxh6+ 55. Kg3 Kxe7 56. Nd5+ Kd6 57. Ne3 Ke5 58. f4+ (58. Nc4+ $17 Kf6 59. Kf4) 58... Ke4 59. Nc4 Nf5+ (59... Bd7 $19 {and Black stays clearly on top. Strongly threatening ...Nf5+.} 60. Nd2+ Kd3) 60. Kf2 $2 {[%mdl 8192]} (60. Kg4 $17 {nothing else works.} Nh6+ 61. Kg3) 60... Kxf4 61. a4 (61. Ke1 $142) 61... Bxa4 62. Nd2 Bb5 63. Nf3 Ke4 64. Ng5+ Kd4 65. Kf3 Ne3 66. Ne6+ Kd3 67. Nc7 Bc6+ 68. Kf2 Bxg2 69. Nb5 Kc4 70. Nxa7 {[#]} Kxb4 $2 ({Black should play} 70... Kd4 $1 $19 71. Nc8 b5) 71. Nc8 b5 {And now ...Kc3 would win.} 72. Kxe3 $11 {[%mdl 4096] Endgame KB-KN} (72. Na7 $11 {keeps the balance.}) 72... Kc4 (72... Kc3 $17 {Threatens to win with ...b4.} 73. Nd6 b4 74. Nb5+ Kc4) 73. Nd6+ {The position is equal.} Kc3 {White must now prevent ...b4.} 74. Nxb5+ Kb4 75. Nd4 Bf3 76. Ne6 Kb5 77. Kd4 Ka6 78. Kc5 Ka5 79. Nd4 Ka4 80. Kc4 Ka3 81. Nxf3 {Whites escaped into a draw. Accuracy: White = 40%, Black = 55%.} 1/2-1/2

[Event "Stay Safe Play From Home 204"]
[Site "T#646591Emanuel Laske"]
[Date "2020.06.05"]
[Round "3"]
[White "Kongle"]
[Black "Chesstiger9"]
[Result "1/2-1/2"]
[WhiteElo "1818"]
[BlackElo "2090"]
[Annotator "TA"]
[PlyCount "130"]
[EventDate "2020.06.05"]
[EventType "swiss (blitz)"]

{[%evp 11,130,29,36,10,11,23,40,12,31,0,0,0,0,0,60,33,316,0,0,0,31,-49,0,-42,0,0,0,-113,-1,-67,12,1,6,-49,0,-27,0,-11,-24,-35,-37,-95,0,0,-5,0,-1,-7,0,0,0,0,6,4,352,0,0,0,42,6,10,10,103,122,188,188,286,299,290,279,251,14,70,30,42,0,70,0,91,88,105,0,0,0,0,0,0,0,70,70,70,54,70,70,49,57,38,11,77,97,109,29,70,52,134,70,70,70,70,70,70,70,70,70,70,70,70,70,70,70,70]} 1. d4 Nf6 2. c4 e6 3. Nc3 d5 4. Bg5 Bb4 5. e3 h6 6. Bh4 O-O 7. Bd3 {E30: Nimzo-Indian: Leningrad Variation.} dxc4 8. Bxc4 b6 {[#]} 9. Nge2 $146 ({Predecessor:} 9. Nf3 Bb7 10. O-O {½-½ (10) Esplugas Esteve,V (2171)-Sanchez Ibern,M (2265) Vila Seca 2010}) 9... Bb7 10. f3 Nbd7 11. O-O Be7 12. Rc1 e5 (12... a6 $11) 13. d5 Nxd5 $2 {[%mdl 8192]} (13... Rc8 $14) 14. Nxd5 $2 (14. Bxd5 $18 c6 15. Bxe7 Qxe7 16. Bc4) 14... Bxh4 $11 {[#]} 15. Nxc7 $1 {[%mdl 512]} Rc8 {[#]} (15... Qxc7 16. Bxf7+) 16. Nd5 (16. Ne6 $1 $14 {[%mdl 512]} fxe6 17. Bxe6+ Kh8 18. Qxd7 Rxc1 19. Rxc1) 16... Be7 17. a3 Nf6 {[%cal Rb7d5]} (17... Bg5 $5 {[%cal Rb7d5]} 18. Rc3 b5 $1 $15 {[%mdl 512]}) 18. Nxe7+ Qxe7 19. Ba2 (19. Rc3 $11) 19... Rfd8 (19... e4 $1 $17 {[%cal Re4f3]} 20. Rxc8 Rxc8) 20. Qe1 (20. Rxc8 $11 Bxc8 21. Qc1) 20... Bd5 (20... e4 $15 21. Rxc8 Rxc8) 21. Rxc8 Rxc8 22. Bb1 (22. Bxd5 $11 Nxd5 23. Qd2) 22... Qc5 23. Ng3 Bb7 24. Qe2 g6 25. h4 h5 26. Kh2 (26. Qf2 $15) 26... Qc4 (26... Nd5 $17 27. Ne4 Qxe3 28. Qxe3 Nxe3) 27. Qxc4 Rxc4 28. e4 Rd4 29. Rc1 Rd7 30. Nf1 Ba6 31. Ne3 Rd2 32. b4 Bd3 $2 {[%mdl 8192] [#]} (32... Kg7 $11 {and Black is okay.}) 33. Nc4 $2 (33. Rc8+ $1 $18 Kg7 34. Rd8) 33... Bxc4 $1 34. Rxc4 {[%mdl 4096] Endgame KRB-KRN} Rb2 35. Rc8+ Kg7 36. Bd3 Rb3 {[#]} (36... g5 $11) 37. Bc4 $1 $16 {[%cal Rc4b3]} Rxa3 (37... Rc3 $16) 38. Rc7 $18 Rc3 (38... Kh6 {is a better defense.}) 39. Rxf7+ Kh6 40. Be6 Ne8 41. Rf8 $2 (41. Rxa7 $18 Rc7 42. Ra8) 41... Nd6 (41... Nc7 $11 42. Ba2 Rc2) 42. Rh8+ Kg7 43. Rg8+ (43. Rd8 {feels hotter.} Nb5 44. Bd5 Rc7 45. Re8 Nc3 46. Rxe5 a5 47. Re6) 43... Kh7 (43... Kf6 $11 44. Bh3 Rc7) 44. Bd5 (44. Rd8 $14 Nb5 45. Re8) 44... Rc7 (44... Rc8 $1 $11 {keeps the balance.} 45. Rxc8 Nxc8) 45. Rd8 $16 Nb5 46. Bg8+ (46. Re8 $16) 46... Kg7 $11 47. Bd5 Nd4 48. Rg8+ Kh7 49. Re8 a5 ({Black should play} 49... Nc2 $1 $11) 50. bxa5 $14 bxa5 51. Rxe5 a4 52. Re8 $1 {[%cal Re8a8]} Ra7 53. e5 {e6 is the strong threat.} a3 54. Ba2 Rb7 (54... Nc6 $1 $11) 55. e6 $16 {Black must now prevent e7.} Nf5 56. Rf8 (56. Ra8 $16) 56... Rb2 57. Bd5 {And now e7! would win.} a2 (57... Kh6 $14) 58. Bxa2 (58. Ra8 $16) 58... Rxa2 {[#] KRN-KR. White is slightly better.} 59. e7 $1 {[%cal Re7e8][%mdl 576] Decoy} Nxe7 {Strongly threatening ...Nf5.} 60. Rf7+ {[%mdl 64] Double Attack} Kh6 {aiming for ...Nf5.} 61. Rxe7 Ra4 62. Kg3 Rb4 63. Rc7 Ra4 64. Rb7 Rc4 65. Ra7 Rb4 {Accuracy: White = 57%, Black = 45%.} 1/2-1/2

[Event "Stay Safe Play From Home 204"]
[Site "T#646591Emanuel Laske"]
[Date "2020.06.05"]
[Round "3"]
[White "Edmatuag"]
[Black "Lucknow"]
[Result "1-0"]
[WhiteElo "1744"]
[BlackElo "1700"]
[Annotator "NA RC"]
[PlyCount "88"]
[EventDate "2020.06.05"]
[EventType "swiss (blitz)"]

1. e4 {[%emt 0:00:05]} c5 {[%emt 0:00:01]} 2. Nf3 {[%emt 0:00:01]} d6 {[%emt 0:00:01]} 3. d4 {[%emt 0:00:01]} cxd4 {[%emt 0:00:00]} 4. Nxd4 {[%emt 0:00:00]} Nf6 {[%emt 0:00:01]} 5. Nc3 {[%emt 0:00:01]} g6 {[%emt 0:00:01]} 6. Be3 {[%emt 0:00:03]} Bg7 {[%emt 0:00:01]} 7. Be2 {[%emt 0:00:04]} O-O {[%emt 0:00:01]} 8. O-O {[%emt 0:00:01]} Nc6 {[%emt 0:00:00]} 9. Qd2 {[%emt 0:00:01]} Nxd4 {[%emt 0:00:01]} 10. Bxd4 {[%emt 0:00:01]} Bd7 {[%emt 0:00:01]} 11. f4 {[%emt 0:00:06]} Bc6 {[%emt 0:00:01]} 12. Bf3 {[%emt 0:00:03]} Qa5 {[%emt 0:00:00]} 13. a3 {[%emt 0:00:18]} Rfd8 {[%emt 0:00:09]} 14. Rad1 {[%emt 0:00:02]} Rac8 {[%emt 0:00:03]} 15. Kh1 {[%emt 0:00:13]} Nd7 {[%emt 0:00:09]} 16. Bxg7 {[%emt 0:00:05]} Kxg7 {[%emt 0:00:00]} 17. g4 {[%emt 0:00:28]} a6 {[%emt 0:00:25]} 18. Bg2 {[%emt 0:00:07]} h5 {[%emt 0:00:08]} 19. gxh5 {[%emt 0:00:09]} Qxh5 {[%emt 0:00:01]} 20. Rf3 {[%emt 0:00:08]} Rh8 {[%emt 0:00:05]} 21. Rh3 {[%emt 0:00:05]} Qc5 {[%emt 0:00:02]} 22. Rxh8 {[%emt 0:00:14]} Rxh8 {[%emt 0:00:01]} 23. Qd4+ {[%emt 0:00:05]} Qxd4 {[%emt 0:00:19]} 24. Rxd4 {[%emt 0:00:00]} Rh4 {[%emt 0:00:01]} 25. e5 {[%emt 0:00:20]} dxe5 {[%emt 0:00:18]} 26. Rd2 {[%emt 0:00:21]} Bxg2+ {[%emt 0:00:33]} 27. Kxg2 {[%emt 0:00:03]} Nb6 {[%emt 0:00:09]} 28. fxe5 {[%emt 0:00:07]} Rh5 {[%emt 0:00:14]} 29. Nd5 {[%emt 0:00:24]} Nxd5 {[%emt 0:00:07]} 30. Rxd5 {[%emt 0:00:01]} b5 {[%emt 0:00:10]} 31. Rc5 {[%emt 0:00:09]} Rf5 {[%emt 0:00:27]} 32. b4 {[%emt 0:00:01]} f6 {[%emt 0:00:18]} 33. exf6+ {[%emt 0:00:02]} Kxf6 {[%emt 0:00:01]} 34. Rxf5+ {[%emt 0:00:04]} gxf5 {[%emt 0:00:01]} 35. Kf3 {[%emt 0:00:02]} Ke5 {[%emt 0:00:01]} 36. Ke3 {[%emt 0:00:01]} e6 {[%emt 0:00:00]} 37. h4 {[%emt 0:00:05]} Kf6 {[%emt 0:00:00]} 38. c4 {[%emt 0:00:02]} e5 {[%emt 0:00:00]} 39. c5 {[%emt 0:00:02]} f4+ {[%emt 0:00:01]} 40. Ke4 {[%emt 0:00:02]} Ke6 {[%emt 0:00:00]} 41. h5 {[%emt 0:00:02]} Kf6 {[%emt 0:00:01]} 42. c6 {[%emt 0:00:01]} Ke7 {[%emt 0:00:01]} 43. h6 {[%emt 0:00:01]} Kd6 {[%emt 0:00:00]} 44. h7 {[%emt 0:00:01]} Kxc6 {[%emt 0:00:00] Lucknow gibt auf (Lag: Av=0.43s, max=0.7s)} 1-0

[Event "Stay Safe Play From Home 204"]
[Site "T#646591Emanuel Laske"]
[Date "2020.06.05"]
[Round "3"]
[White "Timbre"]
[Black "All4tactics"]
[Result "1-0"]
[WhiteElo "1701"]
[BlackElo "1798"]
[Annotator "NA RC"]
[PlyCount "103"]
[EventDate "2020.06.05"]
[EventType "swiss (blitz)"]

1. d4 {[%emt 0:00:02]} Nf6 {[%emt 0:00:10]} 2. Nf3 {[%emt 0:00:01]} g6 {[%emt 0:00:03]} 3. c3 {[%emt 0:00:01]} Bg7 {[%emt 0:00:02]} 4. Bf4 {[%emt 0:00:01]} b6 {[%emt 0:00:01]} 5. e3 {[%emt 0:00:01]} Bb7 {[%emt 0:00:02]} 6. Be2 {[%emt 0:00:01]} O-O {[%emt 0:00:01]} 7. Nbd2 {[%emt 0:00:01]} d6 {[%emt 0:00:00]} 8. O-O {[%emt 0:00:02]} Nbd7 {[%emt 0:00:01]} 9. Qb3 {[%emt 0:00:02]} a5 {[%emt 0:00:14]} 10. a4 {[%emt 0:00:03]} Nh5 {[%emt 0:00:12]} 11. Bg5 {[%emt 0:00:03]} h6 {[%emt 0:00:02]} 12. Bh4 {[%emt 0:00:01]} g5 {[%emt 0:00:01]} 13. Bg3 {[%emt 0:00:01]} Nxg3 {[%emt 0:00:01]} 14. hxg3 {[%emt 0:00:01]} e5 {[%emt 0:00:07]} 15. dxe5 {[%emt 0:00:02]} Nxe5 {[%emt 0:00:04]} 16. Nxe5 {[%emt 0:00:01]} Bxe5 {[%emt 0:00:07]} 17. Nf3 {[%emt 0:00:02]} Bg7 {[%emt 0:00:01]} 18. Rad1 {[%emt 0:00:01]} Qf6 {[%emt 0:00:08]} 19. Nd4 {[%emt 0:00:06]} Rae8 {[%emt 0:00:10]} 20. Bf3 {[%emt 0:00:02]} Bxf3 {[%emt 0:00:02]} 21. Nxf3 {[%emt 0:00:02]} g4 {[%emt 0:00:19]} 22. Nh4 {[%emt 0:00:03]} Qg5 {[%emt 0:00:05]} 23. Rd5 {[%emt 0:00:06]} Re5 {[%emt 0:00:02]} 24. Rxe5 {[%emt 0:00:03]} Qxe5 {[%emt 0:00:06]} 25. Qc4 {[%emt 0:00:04]} h5 {[%emt 0:00:02]} 26. Qxc7 {[%emt 0:00:09]} Bf6 {[%emt 0:00:02]} 27. Qc4 {[%emt 0:00:05]} Bxh4 {[%emt 0:00:02]} 28. gxh4 {[%emt 0:00:01]} g3 {[%emt 0:00:01]} 29. fxg3 {[%emt 0:00:07]} Qxe3+ {[%emt 0:00:02]} 30. Kh2 {[%emt 0:00:03]} Kg7 {[%emt 0:00:30]} 31. Qd5 {[%emt 0:00:08]} Qc5 {[%emt 0:00:10]} 32. Qf3 {[%emt 0:00:10]} f5 {[%emt 0:00:03]} 33. Qf4 {[%emt 0:00:06]} Rf6 {[%emt 0:00:15]} 34. Re1 {[%emt 0:00:03]} d5 {[%emt 0:00:03]} 35. Qg5+ {[%emt 0:00:03]} Kf7 {[%emt 0:00:07]} 36. Qxh5+ {[%emt 0:00:02]} Kg7 {[%emt 0:00:01]} 37. Qg5+ {[%emt 0:00:05]} Kf7 {[%emt 0:00:01]} 38. Qh5+ {[%emt 0:00:04]} Kg7 {[%emt 0:00:02]} 39. Qg5+ {[%emt 0:00:02]} Kf7 {[%emt 0:00:01]} 40. Rf1 {[%emt 0:00:08]} d4 {[%emt 0:00:03]} 41. cxd4 {[%emt 0:00:02]} Qxd4 {[%emt 0:00:02]} 42. Rxf5 {[%emt 0:00:03]} Rxf5 {[%emt 0:00:01]} 43. Qxf5+ {[%emt 0:00:01]} Ke7 {[%emt 0:00:02]} 44. Qh7+ {[%emt 0:00:03]} Kd6 {[%emt 0:00:02]} 45. Qg6+ {[%emt 0:00:03]} Kc7 {[%emt 0:00:01]} 46. Qf7+ {[%emt 0:00:02]} Kc6 {[%emt 0:00:02]} 47. Qe8+ {[%emt 0:00:02]} Kb7 {[%emt 0:00:03]} 48. Qe7+ {[%emt 0:00:02]} Kc6 {[%emt 0:00:01]} 49. Qe8+ {[%emt 0:00:02]} Kb7 {[%emt 0:00:01]} 50. Qe7+ {[%emt 0:00:02]} Kc6 {[%emt 0:00:04]} 51. Qe2 {[%emt 0:00:06]} Qxa4 {[%emt 0:00:04]} 52. Qe8+ {[%emt 0:00:03] All4tactics resigns (Lag: Av=0.34s, max=0.7s)} 1-0

[Event "Stay Safe Play From Home 204"]
[Site "T#646591Emanuel Laske"]
[Date "2020.06.05"]
[Round "4"]
[White "lazieri3"]
[Black "Timbre"]
[Result "1/2-1/2"]
[WhiteElo "2045"]
[BlackElo "1723"]
[Annotator "TA"]
[PlyCount "51"]
[EventDate "2020.06.05"]
[EventType "swiss (blitz)"]

{[%evp 15,51,37,45,41,43,12,24,0,53,48,36,44,46,18,45,56,68,58,49,59,64,-205,-203,-214,-204,-197,-200,-203,-198,-241,-242,-255,-253,-252,-243,-250,-248,-254]} 1. e4 c6 2. d4 d5 3. Nc3 dxe4 4. Nxe4 Bf5 5. Ng3 Bg6 6. Nf3 Nd7 7. Bd3 Ngf6 8. Bxg6 hxg6 9. O-O {B18: Classical Caro-Kann: 4...Bf5 sidelines.} e6 10. h3 Bd6 {[#]} 11. Ne2 $146 {White has an edge.} ({Predecessor:} 11. Qe2 O-O 12. Ne4 Nxe4 13. Qxe4 Nf6 14. Qh4 Qb6 15. b3 c5 16. Be3 Rfd8 17. c4 {½-½ (48) Palladino,M (2202)-Viviani,E (2189) ICCF email 2016}) 11... Kf8 (11... e5 $11) 12. Bf4 $14 Bxf4 13. Nxf4 Kg8 14. Qe2 Qc7 15. Nxe6 fxe6 16. Qxe6+ Kf8 17. Ng5 {[%csl Gg5][%cal Re6f7] [#]} Nb6 18. Qxf6+ $4 {[%mdl 8192] White does not recover from this.} (18. Qb3 $14 Qd7 19. Ne6+ Kg8 20. Nc7+ Kh7 21. Nxa8 Rxa8 22. Qd3) 18... gxf6 $19 19. Ne6+ Kf7 20. Nxc7 Rac8 21. Na6 bxa6 22. b3 Rhe8 23. c4 Re4 24. Rad1 Rd8 25. d5 cxd5 26. cxd5 {[%mdl 32768] Accuracy: White = 58%, Black = 80%. . An unexpected result.} 1/2-1/2